| 000 | 00579nam a22001457a 4500 | ||
|---|---|---|---|
| 020 | _a978-0-143-33098-1 | ||
| 082 |
_a823 _bNAR/M |
||
| 100 | _aNARAYAN, R K | ||
| 245 | _aMALGUDI SCHOOLDAYS | ||
| 260 |
_aDELHI _bPUFFIN BOOKS _c2010 |
||
| 300 | _a238 | ||
| 520 | _aSwami and Friends are the first of a trilogy set in a fictional town of South India called Malgudi. The plot revolves around Swami, a demure yet outspoken boy, and his two friends Rajam- The boy who everyone looks up to in class and Mani- the big bruiser who everyone fears. | ||
| 650 |
_aNOVEL _zINDIA |
||
| 942 | _cBK | ||
| 999 |
_c3648 _d3648 |
||